Κατάλογος Βιβλιοθηκών Mediterranean College

Ενδοεπιχειρησιακές Επικοινωνίες (Record no. 952)

MARC details
000 -LEADER
fixed length control field 01955cam a22002054a 4500
005 - ΗΜΕΡΟΜΗΝΙΑ ΚΑΙ ΩΡΑ ΤΕΛΕΥΤΑΙΑΣ ΕΝΗΜΕΡΩΣΗΣ
Πεδίο ελέγχου 20250605163950.0
008 - FIXED-LENGTH DATA ELEMENTS--GENERAL INFORMATION
Πεδίο ελέγχου σταθερού μήκους 250528s ||||||||||||||||||||||||d
035 ## - SYSTEM CONTROL NUMBER
System control number 15365
020 ## - ISBN
ISBN 9608417015
040 ## - ΠΗΓΗ ΚΑΤΑΛΟΓΟΓΡΑΦΗΣΗΣ
Φορέας πρωτότυπης καταλογογράφησης MC Athens Campus Library
Γλώσσα καταλογογράφησης Ελληνικά, Μοντέρνα (1453-)
Modifying agency MC Athens Campus Library
Κανόνες περιγραφικής καταλογογράφησης AACR2
245 1# - ΤΙΤΛΟΣ ΚΑΙ ΔΗΛΩΣΗ ΥΠΕΥΘΥΝΟΤΗΤΑΣ
Τίτλος Ενδοεπιχειρησιακές Επικοινωνίες
260 ## - PUBLICATION, DISTRIBUTION, ETC.
Name of publisher, distributor, etc. Αθήνα,
Date of publication, distribution, etc. 1995
300 ## - PHYSICAL DESCRIPTION
Extent 148
505 0# - FORMATTED CONTENTS NOTE
Formatted contents note Πρόλογος, Το Φαινόμενο της Επικοινωνίας, Ενδοεπιχειρησιακά Κοινωνικά Φαινόμενα και Επιδράσεις στην Επικοινωνία, Βασικά Είδη Διμερούς Επικοινωνίας, Ομαδική Επικοινωνία, Συμμετοχή σε μια Επιτροπή για Λύση Προβλημάτων, Επικοινωνία με Ενέργειες και Παρατήρηση και Ακρόαση, Εκθέσεις και Αναφορές, Προβλήματα και Στρατηγικές Αποτελεσματικής Ενδοεπιχειρησιακής Επικοινωνίας, Βιβλιογραφία.
520 ## - SUMMARY, ETC.
Summary, etc. Πρόλογος, Το Φαινόμενο της Επικοινωνίας, Ενδοεπιχειρησιακά Κοινωνικά Φαινόμενα και Επιδράσεις στην Επικοινωνία, Βασικά Είδη Διμερούς Επικοινωνίας, Ομαδική Επικοινωνία, Συμμετοχή σε μια Επιτροπή για Λύση Προβλημάτων, Επικοινωνία με Ενέργειες και Παρατήρηση και Ακρόαση, Εκθέσεις και Αναφορές, Προβλήματα και Στρατηγικές Αποτελεσματικής Ενδοεπιχειρησιακής Επικοινωνίας, Βιβλιογραφία.
700 1# - ΠΡΟΣΘΕΤΗ ΑΝΑΓΡΑΦΗ--ΦΥΣΙΚΟ ΠΡΟΣΩΠΟ
Personal name Κανελλόπουλος Χαράλαμπος Κ
9 (RLIN) 1046
942 ## - ADDED ENTRY ELEMENTS (KOHA)
Koha item type Books
Holdings
Τύπος τεκμηρίου Βιβλιοθήκη Τρέχουσα τοποθεσία Barcode Αριθμός εισαγωγής Ημερομηνία απόκτησης Ταξιθετικό σύμβολο Αριθμός αντιτύπου Κατάσταση απόσυρσης Κατάσταση χαμένου Κατάσταση κατεστραμμένου Μη δανεισμός Σύνολο δανεισμών Ημερομηνία τελευταίας εμφάνισης Η τιμή ισχύει από
Books MC Athens Campus Library MC Athens Campus Library 9780000009517 1618 05/06/2025 658.3 KAN 1           05/06/2025 05/06/2025

MC Athens Campus Library
Πατησίων 94 & Κοδριγκτώνος 13, 104 34
Πελλήνης 8 & Πατησίων 107, 112 51
Τ: +30 210 8899600

MC Thessaloniki Campus Library
Ίωνος Δραγούμη 21, 54625 | Ίωνος Δραγούμη 15, 54625
Τ: +30 2310 287779 – Τ: +30 2314 440300